Fictional Books Quiz Stats

 Plays Quiz Updated Dec 18, 2019

Support Sporcle.
Go Orange.
Score 0/26 Timer 05:00
3 Plays Today
Fictional Book Actual Author % Correct
Armando Dippet: Master or Moron?J.K. Rowling
84.3%
Old Words and Names in the ShireJ.R.R. Tolkien
51.1%
The Dynamic of an AsteroidSir Arthur Conan Doyle
49.8%
The Secret GoldfishJ.D. Salinger
38.2%
Misery's ReturnStephen King
31.5%
Histoire Abrégée de la Poésie AnglaiseVladimir Nabokov
31.4%
Maniacs in the Fourth DimensionKurt Vonnegut
26.8%
The Big Bang Theory: A Personal ViewDouglas Adams
24.8%
Speaker for the Dead: The Hive Queen and the HegemonOrson Scott Card
24.4%
ProcrastinationJohn Irving
21.6%
The Theory and Practice of Oligarchical CollectivismGeorge Orwell
19%
The Affair of the Second GoldfishAgatha Christie
15.7%
Buttercup's BabyWilliam Goldman
15%
Fictional Book Actual Author % Correct
InkheartCornelia Funke
14.8%
Conversations with Muad'DibFrank Herbert
14.4%
The NecronomiconH.P. Lovecraft
12%
Inne Juste 7 Dayes I wille make You a Barbearian HeroTerry Pratchett
11.8%
Hamster Huey and the Gooey KablooieBill Watterson
10.7%
The Grasshopper Lies HeavyPhilip K. Dick
10.7%
The Murderer's Vade MecumDorothy L. Sayers
10%
The History and Practice of English MagicSusanna Clarke
9.4%
The Mamba du Mal: A Snake That Will Never Kill MeDaniel Handler
6.3%
Wuthering Heights: Masterpiece or Turgid Rubbish?Jasper Fforde
5.7%
Only a Factory GirlP.G. Wodehouse
4.6%
Suggestions for the Amelioration of Sick-BaysPatrick O'Brian
4.1%
The Six Bunnie-Wunnies and Their Female VeterinarianCharles M. Schulz
1.9%

From the Vault

Criteria Characters: Pixar

by KingPhoebus

Movies 7m
Do you know your animation?
Remove Ads.
Support Sporcle.
Get the best of Sporcle when you Go Orange. This ad-free experience offers more features, more stats, and more fun while also helping to support Sporcle. Thank you for becoming a member.

Show Comments

Extras

Top Quizzes Today


Score Distribution

Your Account Isn't Verified!

In order to create a playlist on Sporcle, you need to verify the email address you used during registration. Go to your Sporcle Settings to finish the process.

Report this User

Report this user for behavior that violates our Community Guidelines.

Details: